| 000 | 00847nam a22002297a 4500 | ||
|---|---|---|---|
| 999 |
_c514 _d514 |
||
| 003 | AR-CdUCM | ||
| 008 | 190223b ||||| |||| 00| 0 spa d | ||
| 040 |
_aMUNICIPALIDAD PROVINCIAL DEL CUSCO _cBIBLIOTECA MUNICIPAL DEL CUSCO |
||
| 082 |
_23ed. _a320.978 / _bM58 |
||
| 100 |
_aMills, C. Wright _91996 |
||
| 245 |
_aEscucha, yanqui : _bla revolución en Cuba / |
||
| 260 |
_aMexico : _bFondo de Cultura Económica, _c1961. |
||
| 300 |
_a262 páginas ; _c17 cm. |
||
| 505 | _a¿Qué significa cuba? -- Nuestra revolución -- Tu contrarrevolución -- Una economía sobre la marcha -- Cuba u el comunismo ... | ||
| 650 |
_aCuba. _91821 |
||
| 650 |
_aRevolución. _9844 |
||
| 650 |
_aComunismo. _9495 |
||
| 700 |
_aCampos, Julieta _91997 |
||
| 700 |
_aGonzález Pedrero, Enrique (traductor) _91998 |
||
| 942 |
_2ddc _cLIBROS |
||
| 945 |
_apjha _d2019-05-03 |
||